00165nam a2200073Ia 4500008004100000040001900041041001200060245001900072131103s9999 xx 000 0 und d aLoreto College aEnglish aIn time of war